Statistics for History of 3x3 World Record singles

Click here to take the quiz!

General Stats

  • This quiz has been taken 6 times
  • The average score is 18 of 36

Answer Stats

HintAnswer% Correct
7.03 s, AustraliaFeliks Zemdegs
100%
6.77 s, AustraliaFeliks Zemdegs
100%
4.22 s, AustraliaFeliks Zemdegs
100%
4.59 s, AustraliaFeliks Zemdegs
100%
4.73 s, AustraliaFeliks Zemdegs
100%
5.66 s, AustraliaFeliks Zemdegs
100%
6.18 s, AustraliaFeliks Zemdegs
100%
6.24 s, AustraliaFeliks Zemdegs
100%
6.65 s, AustraliaFeliks Zemdegs
100%
6.65 s, AustraliaFeliks Zemdegs
100%
3.13 s, USAMax Park
100%
3.47 s, ChinaYusheng Du
80%
4.90 s, USALucas Etter
60%
4.74 s, NetherlandsMats Valk
60%
5.55 s, NetherlandsMats Valk
60%
4.69 s, USAPatrick Ponce
60%
5.25 s, USACollin Burns
20%
16.71 s, USADan Knights
20%
9.18 s, FranceEdouard Chambon
20%
10.36 s, FranceEdouard Chambon
20%
7.08 s, NetherlandsErik Akkersdijk
20%
9.77 s, NetherlandsErik Akkersdijk
20%
11.75 s, FranceJean Pons
20%
16.53 s, DenmarkJesse Bond
20%
11.13 s, USALeyan Lo
20%
22.95 s, USAMin Thai
20%
9.55 s, NetherlandsRon van Bruchem
20%
4.59 s, South KoreaSeungBeom Cho
20%
15.07 s, JapanShotaro Makisumi
20%
12.11 s, JapanShotaro Makisumi
20%
14.76 s, JapanShotaro Makisumi
20%
13.93 s, JapanShotaro Makisumi
20%
9.86 s, FranceThibaut Jacquinot
20%
10.48 s, USAToby Mao
20%
8.72 s, JapanYu Nakajima
20%
8.72 s, JapanYu Nakajima
20%

Score Distribution

Percentile by Number Answered

Percent of People with Each Score

Your Score History

You have not taken this quiz